|
|
|
|
| LEADER |
00886nam a2200253 a 4500 |
| 001 |
7714 |
| 003 |
BD-DhAAL |
| 005 |
20150704115654.0 |
| 008 |
150704s1993 nyu 000 1 eng |
| 010 |
|
|
|a 93017584
|
| 020 |
|
|
|a 0006475965 :
|
| 040 |
|
|
|a DLC
|c DLC
|d DLC
|d OCoLC
|d DLC
|d BD-DhAAL
|
| 050 |
0 |
0 |
|a PS3562.U752
|b K35 1993
|
| 082 |
0 |
0 |
|a 813/.54
|2 20
|
| 100 |
1 |
|
|a Lustbader, Eric.
|9 12802
|
| 245 |
1 |
4 |
|a The kaisho :
|b a Nicholas Linnear novel /
|c by Eric Lustbader.
|
| 260 |
|
|
|a London :
|b Harper Collins,
|c c1993.
|
| 300 |
|
|
|a 622 p. ;
|c 18 cm.
|
| 541 |
|
|
|e 7714
|
| 650 |
|
0 |
|a Linnear, Nicholas (Fictitious character)
|x Fiction.
|9 12820
|
| 655 |
|
7 |
|a Adventure stories.
|2 gsafd
|9 12783
|
| 942 |
|
|
|2 ddc
|c BK
|
| 999 |
|
|
|c 34931
|d 34931
|
| 952 |
|
|
|0 0
|1 0
|2 ddc
|4 0
|6 813_540000000000000_LUS
|7 0
|9 54687
|a SCL
|b SCL
|c GEN
|d 2015-07-04
|e Gift
|l 1
|o 813.54 LUS
|p 3020007714
|r 2019-08-03
|s 2019-05-16
|t 1
|w 2015-07-04
|y BK
|